000 00280nam a2200109Ia 4500
008 220204s9999 xx 000 0 und d
082 _a820SHAK
_bSHA.6
100 _aShakespeare, William
245 0 _aWorks of William Shakespeare. V 6.
260 _aNew York
_bPeebles
942 _cBK
999 _c35497
_d35497